000 00884nas a2200289 4500
001 BR2013010137
003 BR-BrBNA
005 20231205123404.0
007 ta
008 230509b bl.|||p| |||| 00| 00por d
040 _aBR-BrBNA
_bpor
_cBiblioteca Nacional de Agricultura
041 _a(En)
072 _aF06; F04
100 1 _aMonteiro, P.F.C.
100 1 _aAngulo Filho, R.
100 1 _aMonteiro, R.O.C.
100 1 _aAdami, M.
100 1 _aMoreira, M.A.
245 1 _aMonitoring common bean development with different water and nitrogen levels by spectral properties
650 _aFEIJÃO
650 _aIRRIGAÇÃO
650 _aNITROGÊNIO
650 _aSENSORIAMENTO REMOTO
773 0 _tRevista de Agricultura (Brazil)
_xISSN 0034-7655
_g(Sep 2013), v. 88(2) p. 107-120
_wBR2013010137
909 _a202311
_bLúcia
_c55
_dLúcia Elande
942 _2AGRIS
_n0
_cANA
999 _c233634
_d233634